| 000 | 00957nam a2200205Ia 4500 | ||
|---|---|---|---|
| 999 |
_c40199 _d40199 |
||
| 001 | 6806 | ||
| 003 | GE_BSU | ||
| 005 | 20190621153032.0 | ||
| 008 | 181216s1972|||| |||||||||||||| ||geo|| | ||
| 041 | _ageo | ||
| 080 | _a621.313.32 მ-83 | ||
| 100 |
_aმონასერიძე, რ. _92731 |
||
| 245 |
_aსინქრონული მანქანების გეგმარების საფუძვლები : სახელმძღვ. / _cრ. მონასერიძე ; რედ : ვ.ლომინაძე. |
||
| 264 |
_aთბილისი : _bგანათლება, _c1972. |
||
| 300 |
_a444 გვ .: _bილ; _c22 სმ. |
||
| 653 | _aსინქრონული მანქანების გეგმარების საფუძვლები | ||
| 653 | _aტექნიკა | ||
| 700 |
_aლომინაძე, ვ _eრედაქტორი _92732 |
||
| 942 |
_cBK _2udc |
||